000 01756cam a22004694i 4500
003 PE-LiUPU
005 20250731173352.0
008 150706s2008 is r 000 0 spa d
035 _a(Sirsi) a48746
040 _aPE-LiUPU
_bspa
_cPE-LiUPU
_erda
049 _aPRUA
082 0 4 _a223.2
_bS47
_221
245 0 0 _aLibro de los Salmos /
_ctraducido a la lengua española con comentario NEOT DESHE por Rabí Abraham Shalem.
250 _a2a edición.
264 1 _aJerusalem :
_bYahalom Productions,
_c2008.
300 _a555 páginas ;
_c25 centímetros
336 _atext
_2rdacontent
337 _aunmediated
_2rdamedia
338 _avolume
_2rdacarrier
500 _aRecopilado de duentes del Talmud, Midrashim, Rashì, Ramba´m, Ramba´n, Eben Ezra, el Zoar, Radak, y muchos otros grandes Mefarshim.
505 0 _aLibro de los Salmos con Comentarios .
526 _aSEG42
526 _aSEG41
526 _aSEG40
526 _aSEG39
526 _aP94
526 _aP87
526 _aP86
526 _aP85
526 _aP77
526 _aP76
526 _aP35
541 _g001-0000474;
630 _aBiblia.
_pA.T.
_pSalmos
_xComentarios.
700 1 _aShalem, Rabi Abraham,
_etr.
910 _bjv
_cng
_d20100610
942 _2ddc
_cBOOK
949 _a223.2 S47
_wDEWEY
_c1
_i61893
_lCCODEBUL1
_mBUL
_p70.00
_r0
_sY
_tLIBRO
_u2015-07-06
_xTEOLOGIA
_PP35
_o.STAFF. Colección General
994 _aC0
_bPEPRU
596 _a1
999 _a223.2 S47
_wDEWEY
_c51017
_i61893
_d51017
_e2019-11-19
_f2021-11-9
_g5
_lCCODEBUL1
_mBUL
_n22
_p70.00
_q19
_r0
_sY
_tBOOK
_u2015-7-6
_xTEOLOGIA
_PP35
_0COMPRA
_o.STAFF. Colección Teología
980 _81
_gALBERTO SANCHEZ Responsable de Automatización